| 000 | 005100000a22001810004500 | ||
|---|---|---|---|
| 003 | LK-CoMWRAF | ||
| 008 | 230817t ||||| |||| 00| 0 eng d | ||
| 020 | _a9558398012 | ||
| 040 |
_aLK-CoMWRAF _dLK-CoMWRAF _eLK-CoMWRAF |
||
| 041 | _aeng | ||
| 082 |
_a150 _bABU |
||
| 100 | _aA.Abusulayman Abdul Hameed | ||
| 245 |
_aSarvathesa Uravukal Pattiya Islamia Kortpadu(The Islamic Thery of INTERNATIONAL RELATIONS) _b |
||
| 260 |
_aSri Lanka _bFUZIN TEXTS _Y2001 |
||
| 300 | _ap.261 | ||
| 650 | _aTamil | ||
| 942 | _cBK | ||
| 999 |
_c339 _d339 |
||